000 00890nam a22002537a 4500
003 OSt
005 20140310184524.0
008 131019t xxu||||| |||| 00| 0 eng d
020 _a0439263204
050 _aTL 540.W7
_b.Su84 2002
100 _aSullivan, George.
_924011
245 _aThe wright brothers /
_cGeorge Sullivan.
260 _aNew York :
_bScholastic Inc.,
_c2002.
300 _a126 p. :
_bill. ;
_c19 cm.
521 _aG5
526 _c750
650 _aWright, Orville, 1871-1948
_xJuvenile literature
_930087
650 _aWright, Wilbur, 1867-1912
_xJuvenile literature
_930088
650 _aAeronautics
_xUnited States
_xBiography
_xJuvenile literature
_930089
650 _aInventors
_xUnited States
_xBiography
_xJuvenile literature
_930090
650 _aAeronautics
_xUnited States
_xHistory
_xJuvenile literature.
_930091
942 _2lcc
_cBK-SCHOLAS
999 _c35091
_d35091